[Event "Vladivostok op"]
[Site "Vladivostok"]
[Date "2007.06.04"]
[Round "3"]
[White "Stepanov, Andrey"]
[Black "Kovalkova, Nadezhda"]
[Result "1-0"]
[WhiteElo "2177"]
[BlackElo "1903"]
[PlyCount "23"]
[EventDate "2007.06.02"]
[EventType "swiss"]
[EventRounds "9"]
[EventCountry "RUS"]
[SourceTitle "EXT 2022"]
[Source "ChessBase"]
[SourceDate "2021.10.06"]
[SourceVersion "1"]
[SourceVersionDate "2021.10.06"]
[SourceQuality "1"]

1. d4 f5 2. c4 Nf6 3. Nc3 g6 4. Nf3 Bg7 5. g3 0-0 6. Bg2 d6 7. 0-0 Nbd7 8. Ng5 Nb6 9. c5 dxc5 10. dxc5 Nc4 11. Qb3 Qd4 12. Be3 1-0